المزهر في شرح الشاطبية والدرة / (رقم التسجيلة. 43815)
[ عرض عادي ]
| 000 -الفاتح | |
|---|---|
| عناصر البيانات ثابتة الطول | 01129cam a22002897i 4500 |
| 005 - تاريخ ووقت آخر معاملة | |
| حقل ضبط | 20251123111159.0 |
| 008 - عناصر البيانات ثابتة الطول | |
| عناصر البيانات ثابتة الطول | 250721s2001 jo gr 000 0 ara d |
| 082 14 - رقم تصنيف ديوي العشري | |
| رقم التصنيف | 211.34 |
| رقم المادة | م ز ه |
| 100 1# - مدخل رئيسي – اسم شخصي | |
| الاسم الشخصي | منصور، محمد خالد |
| علاقة الشخص بالعمل/ دوره | مؤلف. |
| 245 10 - بيان العنوان | |
| العنوان | المزهر في شرح الشاطبية والدرة / |
| بيان المسؤولية | د. محمد خالد منصور [وستة آخرون]. |
| 250 ## - بيان الطبعة | |
| بيان الطبعة | الطبعة الأولى. |
| 264 31 - بيانات النشر، التوزيع…إلخ | |
| مكان النشر، التوزيع...إلخ | عمان : |
| اسم الناشر، الموزع...إلخ | دار عمار، |
| تاريخ النشر، التوزيع...إلخ | 2001. |
| 300 ## - الوصف المادي | |
| عدد الوحدات المكونة للوعاء | 551 صفحة. |
| 490 0# - بيان السلسلة | |
| عنوان السلسلة | علوم القراءات ؛ |
| رقم الوعاء في السلسلة | رقم 2. |
| 650 17 - مدخل إضافي بالموضوع - مصطلح موضوعي | |
| مصطلح موضوعي أو اسم جغرافي كعنصر مدخل | القرآن الكريم. |
| 650 17 - مدخل إضافي بالموضوع - مصطلح موضوعي | |
| مصطلح موضوعي أو اسم جغرافي كعنصر مدخل | علوم القراءات. |
| 650 17 - مدخل إضافي بالموضوع - مصطلح موضوعي | |
| مصطلح موضوعي أو اسم جغرافي كعنصر مدخل | القراءات العشر. |
| 700 1# - مدخل إضافي - اسم شخصي | |
| الاسم الشخصي | شكري، أحمد خالد |
| علاقة الشخص بالعمل/ دوره | مؤلف. |
| 700 1# - مدخل إضافي - اسم شخصي | |
| الاسم الشخصي | القضاه، أحمد محمد |
| علاقة الشخص بالعمل/ دوره | مؤلف. |
| 700 1# - مدخل إضافي - اسم شخصي | |
| الاسم الشخصي | سيفي، خالد سيف |
| علاقة الشخص بالعمل/ دوره | مؤلف. |
| 700 1# - مدخل إضافي - اسم شخصي | |
| الاسم الشخصي | نصر، محمد موسى |
| علاقة الشخص بالعمل/ دوره | مؤلف. |
| 700 1# - مدخل إضافي - اسم شخصي | |
| الاسم الشخصي | الجرمي، ابراهيم محمد |
| علاقة الشخص بالعمل/ دوره | مؤلف. |
| 700 1# - مدخل إضافي - اسم شخصي | |
| الاسم الشخصي | القضاة، محمد عصام |
| علاقة الشخص بالعمل/ دوره | مؤلف. |
| 830 #0 - مدخل إضافي بالسلسلة-عنوان مقنن | |
| عنوان السلسسلة | علوم القراءات. |
| 942 ## - بيانات إضافية (كوها) | |
| نوع التنصيف | Dewey Decimal Classification |
| نوع المادة (كوها) | كتب |
| حالة السحب | حالة الفقدان | مصدر التصنيف | حالة التلف | غير قابل للإعارة | المكتبة الرئيسية | المكتبة الحالية | موقع الرف | تاريخ التزويد | الرقم المتسلسل | Total Checkouts | رقم الإستدعاء | الباركود | تاريخ آخر ظهور | تاريخ الفاتورة | نوع المادة (كوها) |
|---|---|---|---|---|---|---|---|---|---|---|---|---|---|---|---|
| Dewey Decimal Classification | المكتبة المركزية | المكتبة المركزية | الإعارة | 06/07/2004 | 490627 | 211.34 / م ز ه | 490627 | 28/07/2025 | 06/07/2004 | كتب | |||||
| Dewey Decimal Classification | Unchecked | مكتبة أبو علندا العامة | مكتبة أبو علندا العامة | الإعارة | 06/07/2004 | 490674 | 211.34/مزه | 28/07/2025 | 06/07/2004 | كتب | |||||
| Dewey Decimal Classification | مكتبة الأميرة ايمان العامة | مكتبة الأميرة ايمان العامة | الإعارة | 28/07/2025 | 490638 | 211.34/مزه | 490638 | 28/07/2025 | 28/07/2025 | كتب | |||||
| Dewey Decimal Classification | مكتبة الأميرة سلمى | مكتبة الأميرة سلمى | الإعارة | 16/06/2015 | 1465005 | 211.34/مزه | PLD00331567 | 28/07/2025 | 16/06/2015 | كتب | |||||
| Dewey Decimal Classification | Unchecked | مكتبة الاميرة بديعة | مكتبة الاميرة بديعة | الإعارة | 06/07/2004 | 490641 | 211.34/مزه | 28/07/2025 | 06/07/2004 | كتب | |||||
| Dewey Decimal Classification | مكتبة الحسن العامة | مكتبة الحسن العامة | الإعارة | 06/07/2004 | 490643 | 211.34/مزه | 490643 | 28/07/2025 | 06/07/2004 | كتب | |||||
| Dewey Decimal Classification | مكتبة النصر العامة | مكتبة النصر العامة | الإعارة | 28/07/2025 | 490649 | 211.34/مزه | 490649 | 28/07/2025 | 28/07/2025 | كتب | |||||
| Dewey Decimal Classification | مكتبة حمزة العامة | مكتبة حمزة العامة | الإعارة | 06/07/2004 | 490644 | 211.34/مزه | 490644 | 28/07/2025 | 06/07/2004 | كتب | |||||
| Dewey Decimal Classification | مكتبة صويلح العامة | مكتبة صويلح العامة | الإعارة | 06/07/2004 | 490639 | 211.34/مزه | 490639 | 28/07/2025 | 06/07/2004 | كتب | |||||
| Dewey Decimal Classification | مكتبة وادي السير العامة | مكتبة وادي السير العامة | الإعارة | 06/07/2004 | 490648 | 211.34/مزه | 490648 | 28/07/2025 | 06/07/2004 | كتب |